zpět

Detail výsledku týmu

Harry, Brno

Datum a čas kvízu

34.5 Celkem bodů Celkový počet nahraných bodů na tomto kvízu bez doplňovacích otázek.
7. Pořadí na kvízu Konečné umístění týmu na tomto kvízu.

Zaznamenané odpovědi

# Otázka Odpověď Body Výsledky
1. Poslankyně Alena Schillerová z... TikTok 1
2. Ve které zemi zrušil minulý tý... v Rumunsku 1
3. Herečtí parťáci známí napříkla... Eddie Murphy, Martin Lawrence 0
4. Dosavadním rozvážkovým službám... Česká pošta, COOP 1
5. Britský podnikatel Bernie Eccl... vozy Formule 1 1
6. Téma o nejpoužívanějších aplik... Bolt 1
7. Počet aktivních uživatelů je c... Snapchat 1
8. Jedna aplikace, ve které jsou... Duolingo 1
9. Ve které z těchto zemí jako v... C 0
10. Tento Evropan má kratičké příj... Spotify 1